| 000 | 00425nam a22001337a 4500 | ||
|---|---|---|---|
| 040 | _cRUA | ||
| 082 | _aAGR CHU 1998 B020 Or.1 | ||
| 100 | _aCHUNG, SOPHAKTRA. | ||
| 245 | _aដំណាំសួនសាកវប្បកម្ម (horticulture) | ||
| 260 |
_aPhnom Penh _bRUA _c1998 |
||
| 300 |
_a90p. _bill. _c29cm. |
||
| 856 | _uhttps://drive.google.com/file/d/1695QXhXR0nYabOLuDiD7Dg0QxgwsJ7UZ/view?usp=sharing | ||
| 942 | _cAGR | ||
| 999 |
_c371 _d371 |
||